LEADER 01745nam 2200433 450 001 000012385 005 20050718115400.0 010 $a3-540-61583-0 100 $a20030415d1996----km-y0itay0103----ba 101 0 $aeng 102 $aDE 200 1 $aPotential theory$eselected topics$fHiroaki Aikawa, Matts Essén 210 $aBerlin [etc.]$cSpringer$dc1996 215 $aIX, 200 p.$cill.$d24 cm. 225 2 $aLecture notes in mathematics$v1633 410 0$12001$aLecture notes in mathematics 606 $aAnalisi funzionale 676 $a515.9$v(21. ed.)$9Analisi. Funzioni di variabile complessa 691 $a31B05$9Potential theory. Higher dimensional theory. Harmonic, subharmonic, superharmonic functions 691 $a31A05$9Potential theory. Two-dimensional theory. Harmonic, subharmonic, superharmonic functions 691 $a31B15$9Potential theory. Higher dimensional theory. Potentials and capacities, extremal length 691 $a31B25$9Potential theory. Higher dimensional theory. Boundary behavior 700 1$aAikawa,$bHiroaki$061067 701 1$aEssén,$bMatts$0756992 801 0$aIT$bUniversità della Basilicata - B.I.A.$gRICA$2unimarc 912 $a000012385 996 $aPotential theory$91526807 997 $aUNIBAS BAS $aMONSCI BAS $aSCIENZE CAT $aEXT002$b01$c20030415$lBAS01$h1320 CAT $aEXT002$b01$c20030513$lBAS01$h1605 CAT $c20050601$lBAS01$h1755 CAT $abatch$b01$c20050718$lBAS01$h1051 CAT $c20050718$lBAS01$h1110 CAT $c20050718$lBAS01$h1140 CAT $c20050718$lBAS01$h1154 FMT Z30 -1$lBAS01$LBAS01$mBOOK$1BASA5$ADipartimento Matematica$2GEN$BCollezione generale$3MAT$64321$5M4321$820030415$f51$FRiservati LEADER 03305oam 2200685I 450 001 9910779679903321 005 20230126203339.0 010 $a1-135-94505-5 010 $a0-203-38499-7 010 $a1-299-48091-8 010 $a1-135-94498-9 024 7 $a10.4324/9780203384992 035 $a(CKB)2550000001020277 035 $a(EBL)1172895 035 $a(OCoLC)841912695 035 $a(SSID)ssj0000873922 035 $a(PQKBManifestationID)11448495 035 $a(PQKBTitleCode)TC0000873922 035 $a(PQKBWorkID)10885810 035 $a(PQKB)10320160 035 $a(MiAaPQ)EBC1172895 035 $a(Au-PeEL)EBL1172895 035 $a(CaPaEBR)ebr10690237 035 $a(CaONFJC)MIL479341 035 $a(OCoLC)841908808 035 $a(FINmELB)ELB133004 035 $a(EXLCZ)992550000001020277 100 $a20180706d2013 uy 0 101 0 $aeng 135 $aur|n|---||||| 181 $ctxt 182 $cc 183 $acr 200 10$aStreet sex workers' discourse $erealizing material change through agential choice /$fJill McCracken 205 $a1st ed. 210 1$aNew York :$cRoutledge,$d2013. 215 $a1 online resource (503 p.) 225 1 $aRoutledge research in gender and society ;$v34 300 $aDescription based upon print version of record. 311 $a1-138-95251-6 311 $a0-415-88707-0 320 $aIncludes bibliographical references and index. 327 $aList of figures -- Note on the transcriptions -- Preface: telling our stories : street-based sex work -- Acknowledgments -- Quotidian rhetoric creates meaning through collage -- Who is the victim : the neighborhood or the woman? -- Is she a criminal, a victim, or a victim of the criminal justice system? -- "An opportunity to change" : responsibility and choice -- Systemic violence perpetuates victim status -- Releasing agential choice from cages of oppression -- Appendix A: Participants -- Appendix B: Research process and layers of data -- Appendix C: Number of times terms included in newspaper and participant interviews corpora -- Notes -- References -- Index. 330 $aIncorporating the voices and insights of street sex workers through personal interviews, this monograph argues that the material conditions of many street workers - the physical environments they live in and their effects on the workers' bodies, identities, and spirits - are represented, reproduced, and entrenched in the language surrounding their work. As an ethnographic case study of a local system that can be extrapolated to other subcultures and the construction of identities, this book disrupts some of the more prevalent academic and lay understandings about street prostitution by providi 410 0$aRoutledge research in gender and society ;$v34. 606 $aLanguage and culture 606 $aRhetoric$xSocial aspects 606 $aSemantics$xSocial aspects 615 0$aLanguage and culture. 615 0$aRhetoric$xSocial aspects. 615 0$aSemantics$xSocial aspects. 676 $a306.74 700 $aMcCracken$b Jill.$0917441 801 0$bMiAaPQ 801 1$bMiAaPQ 801 2$bMiAaPQ 906 $aBOOK 912 $a9910779679903321 996 $aStreet sex workers' discourse$93813495 997 $aUNINA